Mathematical methods in chemical engineering (Record no. 25039)

000 -LEADER
fixed length control field 00548nam a22002051 4500
001 - CONTROL NUMBER
control field 25039
003 - CONTROL NUMBER IDENTIFIER
control field BD-DhUET
008 - FIXED-LENGTH DATA ELEMENTS--GENERAL INFORMATION
fixed length control field 730313s1963 xx 000 0 eng
040 ## - CATALOGING SOURCE
Original cataloging agency DLC
Transcribing agency OClU
Modifying agency BD-DhUET
082 ## - DEWEY DECIMAL CLASSIFICATION NUMBER
Classification number 660.28
Item number JEN/1963
100 ## - MAIN ENTRY--PERSONAL NAME
Personal name Jenson, V. G.
245 10 - TITLE STATEMENT
Title Mathematical methods in chemical engineering
250 ## - EDITION STATEMENT
Edition statement 1st ed.
260 ## - PUBLICATION, DISTRIBUTION, ETC. (IMPRINT)
Place of publication, distribution, etc. London
Name of publisher, distributor, etc. Academic Press
Date of publication, distribution, etc. 1963
300 ## - PHYSICAL DESCRIPTION
Extent xi, 556 p.
Other physical details illus.
Dimensions 24cm.
504 ## - BIBLIOGRAPHY, ETC. NOTE
Bibliography, etc Includes bibliographies
650 #0 - SUBJECT ADDED ENTRY--TOPICAL TERM
Topical term or geographic name as entry element Chemical engineering
700 ## - ADDED ENTRY--PERSONAL NAME
Personal name Jeffreys, G. V.
942 ## - ADDED ENTRY ELEMENTS (KOHA)
Koha item type General Book
Holdings
Shelving location Location (home branch) Date acquired Sublocation or collection (holding branch) Not for loan Koha date last seen Damaged status Withdrawn status Koha full call number Koha item type Koha normalized classification for sorting Lost status Piece designation (barcode) Copy number Source of classification or shelving scheme Price effective from
Circulation sectionCentral Library, BUET2015-05-12Central Library, BUET 2015-05-12  660.28/JEN/1963General Book660_280000000000000_JEN_1963 224381 2015-05-12
Circulation sectionCentral Library, BUET2015-05-12Central Library, BUET 2015-05-12  660.28/JEN/1963General Book660_280000000000000_JEN_1963 224402 2015-05-12
Circulation sectionCentral Library, BUET2015-05-12Central Library, BUET 2015-05-12  660.28/JEN/1963General Book660_280000000000000_JEN_1963 224343 2015-05-12
Circulation sectionCentral Library, BUET2015-05-18Central Library, BUET 2015-05-18  660.28/JEN/1963General Book660_280000000000000_JEN_1963 224324 2015-05-18
Circulation sectionCentral Library, BUET2015-05-18Central Library, BUET 2015-05-18  660.28/JEN/1963General Book660_280000000000000_JEN_1963 224355 2015-05-18
Circulation sectionCentral Library, BUET2015-05-18Central Library, BUET 2015-05-18  660.28/JEN/1963General Book660_280000000000000_JEN_1963 294506 2015-05-18
Circulation sectionCentral Library, BUET2015-05-18Central Library, BUET 2015-05-18  660.28/JEN/1963General Book660_280000000000000_JEN_1963 294497 2015-05-18
Circulation sectionCentral Library, BUET2015-05-18Central Library, BUET 2015-05-18  660.28/JEN/1963General Book660_280000000000000_JEN_1963 294488 2015-05-18
Circulation sectionCentral Library, BUET2015-05-18Central Library, BUET 2015-05-18  660.28/JEN/1963General Book660_280000000000000_JEN_1963 294579 2015-05-18
Circulation sectionCentral Library, BUET2015-05-18Central Library, BUET 2015-05-18  660.28/JEN/1963General Book660_280000000000000_JEN_1963 2945410 2015-05-18
Circulation sectionCentral Library, BUET2015-05-18Central Library, BUET 2015-05-18  660.28/JEN/1963General Book660_280000000000000_JEN_1963 2945311 2015-05-18
Circulation sectionCentral Library, BUET2015-05-18Central Library, BUET 2015-05-18  660.28/JEN/1963General Book660_280000000000000_JEN_1963 2945112 2015-05-18
Circulation sectionCentral Library, BUET2015-05-18Central Library, BUET 2015-05-18  660.28/JEN/1963General Book660_280000000000000_JEN_1963 2243113 2015-05-18
Circulation sectionCentral Library, BUET2015-05-18Central Library, BUET 2015-05-18  660.28/JEN/1963General Book660_280000000000000_JEN_1963 2945214 2015-05-18
Circulation sectionCentral Library, BUET2015-05-18Central Library, BUET 2015-05-18  660.28/JEN/1963General Book660_280000000000000_JEN_1963 2243615 2015-05-18
Reading sectionCentral Library, BUET2015-06-17Central Library, BUET 2015-06-17  660.28/JEN/1963Reading Item660_280000000000000_JEN_1963 2945616 2015-06-17
Reading sectionCentral Library, BUET2015-06-18Central Library, BUET 2015-06-18  660.28/JEN/1963Reading Item660_280000000000000_JEN_1963 29455.17 2015-06-18
Reading sectionCentral Library, BUET2015-07-10Central Library, BUET 2015-07-10  660.28/JEN/1963Reading Item660_280000000000000_JEN_1963 2243918 2015-07-10